000 00735nam a2200205Ii 4500
003 JO-AjNU
008 230605s9999||||xx |||||||||||||| ||und||
040 _aJO-AjNU
_bara
_erda
_cJO-AjNU
041 _aara
050 1 4 _aDT95.78.A9.T352 1982
100 3 _aتاليف تامر، عارف,
_eauthor
_919378
245 0 0 _aالخليفة الفاطمي الخامس العزيز بالله قاهر القرامطة وافتكين
250 _aط1
264 3 1 _aبيروت: دار الافاق الجديدة، 1982
300 _a147ص
336 _atext
_btxt
_2rdacontent
337 _aunmediated
_bn
_2rdamedia
338 _avolume
_bnc
_2rdacarrier
650 4 _aتراجم - الخليفة الفاطمي الخامس-مصر
_919379
999 _aA6385
_c9953
_d9953